| 000 | 00627cam a2200229 a 4500 | ||
|---|---|---|---|
| 999 |
_c12689 _d12689 |
||
| 003 | OSt | ||
| 005 | 20240703190737.0 | ||
| 008 | 831207s1984 maua b 001 0 eng | ||
| 020 | _a 9780262121064 | ||
| 040 |
_aDLC _cDLC _dDLC |
||
| 082 | 0 | 0 |
_a720 _219 |
| 100 | 1 |
_aLynch, Kevin, _d1918-1984. |
|
| 245 | 1 | 0 |
_aSite planning / _cKevin Lynch, Gary Hack. |
| 250 | _a3rd ed. | ||
| 260 |
_aCambridge, Mass. : _bMIT Press, _cc1984. |
||
| 300 |
_avii, 499 p. : _bill. ; _c24 cm. |
||
| 500 | _aIncludes index. | ||
| 504 | _aBibliography: p. 471-[481] | ||
| 650 | 0 |
_aBuilding sites _xPlanning. |
|
| 700 | 1 | _aHack, Gary. | |
| 942 | _2ddc | ||